Online Catalogue and eLibrary

A Tamil heroine unmourned & The sociology of obfuscation (Record no. 569)

MARC details
000 -LEADER
fixed length control field 00602nam a22001457a 4500
005 - DATE AND TIME OF LATEST TRANSACTION
control field 20240313025953.0
008 - FIXED-LENGTH DATA ELEMENTS--GENERAL INFORMATION
fixed length control field 240313b |||||||| |||| 00| 0 eng d
020 ## - INTERNATIONAL STANDARD BOOK NUMBER
ISBN 9559447017
082 ## - DDC Classification
DDC Edition Number 22
Class No. 323.4.
Item Number - Author Mark THE.
245 ## - TITLE STATEMENT
Title A Tamil heroine unmourned & The sociology of obfuscation
Statement of responsibility, etc. University teachers for Human Rights ( Jaffna)
260 ## - PUBLICATION, DISTRIBUTION, ETC.
Place of publication, distribution, etc. Jaffna :
Name of publisher, distributor, etc. University Techers for Human Rights ( Jaffna) /
Date of publication, distribution, etc. 1998.
300 ## - PHYSICAL DESCRIPTION
Extent (e.g. Volumes, Pages etc.) iv, 91 p.,[[[[[[[[[[[[[[[[[[[[[[[[[[[[[[[[[[[[[[[[[[[[[[[[[[[[[[[[[[[[[[[[[[[[[[[[[[[[[[[[[[[[[[[[[[[[[[[[[[[[[[[[[[[[[[[[[[[[[[[[[[[[[[[[[[[[[
650 ## - SUBJECT ADDED ENTRY--TOPICAL TERM
Topical term or geographic name entry element political
942 ## - Koha item type (Biblio)
Koha item type Books in Stacks (Lending)

No items available.

© WERC Library